Statistics for Historical Timeline of Spain

Click here to take the quiz!

General Stats

  • This quiz has been taken 66 times
  • The average score is 16 of 28

Answer Stats

YearHintAnswer% Correct
27 BCR____ EmpireRoman Empire
91%
218 BCR____ RepublicRoman Republic
91%
1813Kindgom of S____Kingdom of Spain
83%
1700Kingdom of S____Kingdom of Spain
83%
1931Second S______ RepublicSecond Spanish Republic
80%
1873First S______ RepublicFirst Spanish Republic
80%
1035Kingdom of A_____Kingdom of Aragon
74%
418Visi______ KingdomVisigothic Kingdom
74%
910Kingdom of L___ / GaliciaKingdom of Leon / Galicia
70%
824Kingdom of Nav____Kingdom of Navarre
70%
718Kingdom of Ast_____Kingdom of Asturias
69%
1808F_____France
63%
Caliphate of C______Caliphate of Cordoba
59%
1065Kingdom of C______Kingdom of Castile
59%
Emirate of C______Emirate of Cordoba
59%
552B________ EmpireByzantine Empire
57%
1939F_____ist SpainFrancoist Spain
56%
Emirate of G______Emirate of Grenada
50%
U______ CaliphateUmayyad Caliphate
48%
575 BCC______Carthage
39%
1516H_______ SpainHabsburg Spain
37%
801County of B________County of Barcelona
35%
Almoh__ CaliphateAlmohad Caliphate
35%
Almor____ DynastyAlmoravid Dynasty
31%
409Kingdom of the Sue__Kingdom of the Suebi
22%
Third T____ PeriodThird Taifa Period
17%
Second T____ PeriodSecond Taifa Period
17%
First T____ PeriodFirst Taifa Period
17%

Score Distribution

Percentile by Number Answered

Percent of People with Each Score

Your Score History

You have not taken this quiz